عرض عادي عرض مارك
  • European Conference on IR Research

مدخل إسم مؤتمر

عدد التسجيلات المستخدمة في: 1

001 - رقم الضبط

  • حقل الضبط: 3468

003 - معرف رقم الضبط

  • حقل الضبط: OSt

005 - تاريخ ووقت أخر عملية

  • حقل الضبط: 20110827124657.0

008 - عناصر بيانات ثابتة الطول

  • حقل تحكم ثابت الطول: 110827|||a|||||| | ||| d

040 ## - مصدر الفهرسة

  • هيئة الفهرسة الأصلية: OSt
  • وكالة الكتابة: OSt

111 ## - مدخل -- اسم مؤتمر

  • اسم الملتقي او اسم السلطه كعنصر مدخل: European Conference on IR Research
  • رقم الجزء / القسم/ الملتقي: (31th :
  • تاريخ المؤتمر: 2009
  • مكان الملتقي: Toulouse, France)

670 ## - بيانات المصدر موجوده

  • الاستشهاد بالمصدر: Work cat.: (OSt)0: European Conference on IR Research (31th : 2009 Toulouse, France), Advances in information retrieval, c2009.